000 01051nam a2200289 i 4500
003 DO-SdBNP
005 20251008143727.0
007 ta
008 230926e1980 dr ||||| |||| 00| m spa d
040 _aDO-SdBNP
_bspa
_cBNPHU
_erda
041 _aspa
082 4 _axxx
_bxxx
_222
100 1 _aGómez Michel, Fuime de,
_eautor
_4aut.
_984271
245 1 0 _aManual de literatura dominicana y americana para el 6to. curso de reforma:
_b(antología, análisis y comentarios). /
_cFiume Gómez de Michel
250 _aSegunda edición
264 1 _aSanto Domingo :
_bAlfa y Omega,
_c1980.
300 _a511 páginas ;
_c27 cm.
336 _atexto
_btxt
_2rdacontent
337 _asin mediación
_bn
_2rdamedia
338 _asin mediación
_bnc
_2rdamedia
500 _aIncluye datos biográficos de la autora en la contracubierta.
586 _aPremio Nacional de Didáctica 1979.
590 _aInventariado 2023 / MF
650 4 _aLiteratura dominicana.
_967
_xLibro de texto
650 4 _aLiteratura Americana
_99896
_xLibro de texto
942 _2ddc
_cLBS1
999 _c54935
_d54935